000 00942nam a22002057a 4500
003 OSt
005 20260302003009.0
008 260226b |||||||| |||| 00| 0 eng d
040 _aDWCL GS library
_cOC
082 _aFic. D621s 2008
100 _aDixon, Franklin W.
245 _athe hardy boys mystery stories 28
_b: the sign of the crooked arrow
_cFranklin W. dixon
260 _aNew York
_bGrosset & Dunpal
_cc1949
300 _a178
_billustrations
_c19cm
500 _a2q
520 _aIn The Sign of the Crooked Arrow (#28), Frank and Joe Hardy investigate a string of jewelry-store robberies linked by a mysterious arrow-shaped tie clasp. The case takes them to New Mexico to help their widowed cousin on a ranch, where they uncover a connection between the robberies and missing ranch hands.
546 _aEnglish
700 _aFranklin W. Dixon
942 _2ddc
_cFIC.
_hFic. D621s 2008
_n0
999 _c8574
_d8574